| 000 | 00769nam a22002297a 4500 | ||
|---|---|---|---|
| 999 |
_c178594 _d178594 |
||
| 005 | 20210407145822.0 | ||
| 010 | _aENG-129383 | ||
| 020 |
_c769.00 _a978-93-903-9493-7 |
||
| 035 | _aEN-112915 | ||
| 037 | _bDBAD/PUB | ||
| 082 | _a659.1 | ||
| 245 |
_aAdvertising and IMC: Principles and Practice/ _bSandra Moriarty, et. al. |
||
| 250 | _a11th | ||
| 260 |
_aNoida _bPearson _c2021 |
||
| 270 |
_a15th floor,Tower-B,Word Trade Tower,Plot no.1,Block-C sec 16, _bNoida _e201301 _k04466540100 _mcompanysecretary.india@pearson.com |
||
| 300 |
_a664p. _c24cm(pbk) _bincluding illustrations and index. |
||
| 700 | _aMoriarty, Sandra | ||
| 700 | _aMitchell, Nancy | ||
| 700 | _aWood, Charles | ||
| 700 | _aWells, William | ||
| 942 |
_2ddc _cEN _h659.1 _mADV |
||